[Event "Teberda op 07"]
[Site "Teberda"]
[Date "2013.07.09"]
[Round "1"]
[White "Bychenkova, Angelina"]
[Black "Shavshin, Ruslan"]
[Result "0-1"]
[WhiteElo "1620"]
[BlackElo "2018"]
[PlyCount "92"]
[EventDate "2013.07.09"]
[EventType "swiss"]
[EventRounds "9"]
[EventCountry "RUS"]
[SourceTitle "EXT 2014"]
[Source "ChessBase"]
[SourceDate "2013.11.20"]
[SourceVersion "1"]
[SourceVersionDate "2013.11.20"]
[SourceQuality "1"]

1. e4 d5 2. e5 c5 3. Nf3 Nc6 4. Nc3 Bg4 5. Be2 e6 6. d4 Bxf3 7. Bxf3 cxd4 8. Ne2 Nxe5 9. Nxd4 Nxf3+ 10. Qxf3 Nf6 11. Qb3 Qd7 12. a4 Bc5 13. Nf3 0-0 14. 0-0 Rfe8 15. Bf4 Bd6 16. Bg5 Ne4 17. Bh4 Rac8 18. Qd3 Qc7 19. c3 f6 20. Nd2 Bxh2+ 21. Kh1 Nxd2 22. Qxd2 Bd6 23. Qd4 Qf7 24. Rfe1 Rc4 25. Qd3 Rxh4+ 26. Kg1 Qh5 27. f3 Bg3 28. Kf1 Rh1+ 29. Ke2 Qe5+ 30. Kd2 Rxe1 31. Rxe1 Bxe1+ 32. Kc2 Qf5 33. Qxf5 exf5 34. Kd3 Kf7 35. Kd4 Re2 36. Kxd5 Rxb2 37. c4 Rxg2 38. c5 h5 39. c6 bxc6+ 40. Kxc6 h4 41. Kb7 h3 42. Kxa7 Rb2 43. Ka6 h2 44. a5 h1Q 45. Ka7 Bf2+ 46. Ka6 Qf1# 0-1